000 00855nam a2200229Ii 4500
003 JO-AjNU
008 230605s9999||||xx |||||||||||||| ||und||
017 _a2017/2/845
020 _a978-9957-80-252-9
040 _aJO-AjNU
_bara
_erda
_cJO-AjNU
041 _aara
050 1 4 _aBP811.S254.2018
100 3 _aالصالحي، نذير عدنان,
_eauthor
_962299
245 0 0 _aالتدابير الشرعية للديون المتعثرة في المصارف الاسلامية: دراسة فقهية مقارنة
250 _aط1
264 3 1 _aعمان: دار النفائس للنشر والتوزيع، 2018
300 _a336ص
336 _atext
_btxt
_2rdacontent
337 _aunmediated
_bn
_2rdamedia
338 _avolume
_bnc
_2rdacarrier
650 4 _aالديون-المصارف الاسلامية-الفقه الاسلامي
_962300
999 _aA28204
_c31772
_d31772